000 00524nam a2200205Ia 4500
005 20250923145142.0
008 008 250917s9999 xx 000 0 eng d
037 _aTextual
040 _aDSWL
_beng
_cDSWL
041 _aeng
_2eng
084 _qDSWL
100 _aMarriott, R.
_9832290
245 0 _aIncentive Payment systems
_cby R. Marriott
260 _aLondon
_bStaples Press
_c1961
300 _axv,235p.
365 _aINR
_b25
925 _g25
942 _cTEXL
999 _c1447790
_d1447790